| 000 | 01203naa a22002897a 4500 | ||
|---|---|---|---|
| 001 | BR7901525 | ||
| 003 | BR-BrBNA | ||
| 005 | 20240918174325.0 | ||
| 007 | ta | ||
| 008 | 230509b bl.||||| |||| 00| 0 por d | ||
| 040 |
_aBR-BrBNA _bpor _cBiblioteca Nacional de Agricultura |
||
| 041 | _a(Pt) | ||
| 072 |
_aF50; F60 _b0336 |
||
| 090 | _aF50 BR7901525 | ||
| 100 | 1 | _aSouza, F.C. de A. | |
| 100 | 1 | _aBonetti, L.P. | |
| 111 | 1 |
_a6. Reuniao Conjunta da Pesquisa da Soja da Regiao Sul _cFlorianopolis, SC (Brazil) _d31 Jul 1978 |
|
| 245 | 1 |
_aClassificacao de cultivares de soja (Glycine max (L.)Merril)quanto ao comprimento do hipocotilo [germinacao] _bInforme preliminar |
|
| 260 | 3 |
_aCruz Alta, RS (Brasil): _c1978. |
|
| 500 | _aContribuicao do Centro de Experimentacao e Pesquisa a 6. Reuniao de Pesquisa da Soja da Regiao Sul Cruz Alta, RS (Brasil): 1978. p. 112-116 (BR7901525-AM)F50 | ||
| 650 | _aSOJA | ||
| 650 | _aGERMINACAO | ||
| 650 | _aHIPOCOTILO | ||
| 773 | 0 |
_tContribuicao do Centro de Experimentacao e Pesquisa a 6. Reuniao de Pesquisa da Soja da Regiao Sul _wF50 BR7901525 _gCruz Alta, RS (Brasil), 1978. p. 112-116 |
|
| 909 |
_a202404 _bLucia _c55 _dLucia Elande |
||
| 942 |
_cAM _2AGRIS |
||
| 999 |
_c310401 _d310401 |
||